| 000 | 00835nam a22001697a 4500 | ||
|---|---|---|---|
| 003 | NUST | ||
| 005 | 20230206131011.0 | ||
| 020 | _a0316545856 | ||
| 082 | _a968.064092,MAN | ||
| 100 |
_aMandela, Nelson _99193 |
||
| 245 |
_aLong Walk to Freedom / _bthe autobiography of Nelson Mandela / _cNelson Mandela |
||
| 260 |
_aServices Book Club _bRawalpindi _c2006 |
||
| 300 | _a555 p | ||
| 505 | _aPart.1 A country chuldhood (Page-1), Part.2 Johannesburg (Page-53), Part.3 Birth of a freedom fighter (Page-81), Part.4 The struggle is my life (Page-123), Part.5 Treason (Page-171), Part.6 The black Pimpernel (Page-229), Part.7 Rivonia (Page-269), Robben Island the Dark Years (Page-331), Robben Island (Page-391), Talking with the enemy (Page-445), Freedom (Page-487). | ||
| 650 |
_aAutobiography of Nelson Mandela _9108671 |
||
| 942 |
_2ddc _cBK |
||
| 999 |
_c593140 _d593140 |
||